Geografía de américa /

Guardado en:
Autor Principal: Dalterio, Laura
Formato: Libro
Publicado: Buenos Aires : Kapelusz, 2015
Series:Contextos digitales
Materias:
Etiquetas: Agregar Etiqueta
Sin Etiquetas, Sea el primero en etiquetar este registro!
LEADER 01198nam a22002415a 4500
001 CEM.cems014695
005 20160510155634.0
008 130507s2015##################000#0#####d
003 CEMS
020 |a 9789501399134 
082 0 4 |a 918 
100 1 |a Dalterio, Laura 
245 1 0 |a Geografía de américa /  |c Laura Dalterio ... y Otros 
260 |a Buenos Aires :  |b Kapelusz,  |c 2015 
300 |a 240 p. 
490 0 |a Contextos digitales 
505 0 |a ¿Qué estudia la Geografía? -- La organización histórica territorial de América -- América y sus bases naturales -- Los problemas ambientales de nuestro continente -- Los desastres naturales en nuestro continente -- Política y economía de América, en la globalización -- La población y la cultura en América latina -- La población y la cultura en América anglosajona -- Las actividades económicas en América latina -- Las actividades económicas en América anglosajona 
653 |a Geografía 
653 |a Geografía de américa 
653 |a Geografía de la población 
653 |a Libros de texto 
859 |a CEMS  |b BIB. CEMS - 11 de abril  |h 918  |i D17  |p 27300.16  |t Ej.1 
859 |a CEMS  |b BIB. CEMS - 11 de abril  |h 918  |i D17  |p 28345.19  |t Ej.2